000 01132cam a2200289 i 4500
001 18916
003 CO-MdFUSB
005 20220813121513.0
008 220813t2008 sp |||| |||| 00| 0 spa d
020 _a978-84-249-1398-1
040 _bspa.
_aCO-MdFUSB
_cCO-MdFUSB
_dCO-MdFUSBC
_erda
041 _apor
082 0 4 _aR S6711e
100 1 _aSéneca
245 1 0 _aEpístolas morales a Lucilio / Séneca ; traducción y notas por Ismael Roca Meliá
_c/
264 1 _aMadrid :
_bGredos,
_c[2008]
264 4 _c© 2008
300 _a456 páginas
_c;
336 _2rdacontent
_atexto
_btxt
337 _2rdamedia
_asin mediación
_bn
338 _2rdacarrier
_avolumen
_bnc
501 _apasta dura
505 _aLibro X (Epístolas 81-83) -- Libros XI-XIII (Epístolas 84-88) -- Libro XIV (Epístolas 89-92) -- Libro XV (Epístolas 93-95) -- Libro XVI (Epístolas 96-100) -- Libros XVII-XVIII (Epístolas 101-109) -- Libro XIX (Epístolas 110-117) -- Libro XX (Epístolas 118-124) -- Libro XXII [frs.] (Epístola 125)
650 1 4 _aETICA - FILOSOFIA \ OBRA CLASICA \ FILOSOFIA ANTIGUA
942 _cBK
945 _aestudiante
999 _c45316
_d45316